La Iglesia en la actual transformación de América Latina a la luz del concilio

Furkejuvvon:
Bibliográfalaš dieđut
Searvvušdahkkit: Consejo Episcopal Latinoamericano (Dahkki), CELAM (Dahkki)
Materiálatiipa: Girji
Giella:espánnjágiella
Almmustuhtton: Bogotá Secretariado General del CELAM 1969
Preanttus:3a. ed
Fáttát:
Fáddágilkorat: Lasit fáddágilkoriid
Eai fáddágilkorat, Lasit vuosttaš fáddágilkora!

MARC

LEADER 00000nam a2200000 a 4500
001 UCL2444
003 CL-VaPUC
005 20220119073954.0
008 031024e19690000ck 1 spa d
082 0 4 |a 261.1  |b CON  |2 21 
110 2 |a Consejo Episcopal Latinoamericano  |e author  |9 620371 
710 2 |a CELAM  |e author  |9 620372 
245 1 3 |a La Iglesia en la actual transformación de América Latina a la luz del concilio 
250 |a 3a. ed 
260 |a Bogotá  |b Secretariado General del CELAM  |c 1969 
300 |a v 
505 0 0 |a v.1: Ponencias 
583 |a last modification  |c 20031024 00:00:00  |k Rodrigo Vera 
650 0 7 |a EVANGELIZACION  |2 CL-VaPUC  |9 620373 
650 0 0 |a Doctrina social de la iglesia  |9 257333 
650 0 0 |a Moral social   |9 310700 
650 0 7 |a EPISCOPADO LATINOAMERICANO  |2 CL-VaPUC  |9 481371 
651 0 |a América Latina   |9 255027 
942 |c BK 
945 |a vberengu  |d 20031024 00:00:00 
546 |a En Español 
536 |a CELAM 
518 |p Conferencia General del Episcopado Latinoamericano, 2, Bogotá, desde el 26 de agosto al 6 de septiembre de 1968 
999 |c 383910  |d 383908 
952 |0 0  |1 0  |4 0  |6 261_100000000000000_CON_1969  |7 0  |8 A  |9 506233  |a BIBTEO  |b BIBTEO  |d 2020-01-23  |h v.1  |i 209102K  |o 261.1 CON 1969  |p 209102K  |r 2025-01-17  |w 2020-01-23  |y BK  |k ICR